Zufällige Stadt beginnend mit R - Statistiken

Allgemein
  • Dieses Quiz wurde 567 mal gespielt
  • Das Durchschnittsergebnis liegt bei 7 aus 16
Antwortstatistiken
Land R Stadt % Korrekt
Italien Rom
88%
Lettland Riga
87%
Brasilien Rio de Janeiro
83%
Marokko Rabat
78%
Island Reykjavik
78%
Niederlande Rotterdam
75%
Deutschland Rostock
51%
Frankreich Rennes
38%
Russland Rostov am Don
24%
Vereinigte Staaten Raleigh
22%
Palästinien Ramallah
20%
Argentinien Rosario
20%
Finnland Rovaniemi
16%
Pakistan Rawalpindi
9%
Kanada Regina
9%
Vereinigtes Königreich Reading
8%
Keine übereinstimmenden Quizze gefunden
Verteilung der Resultate
Anzahl Personen mit jedem Resultat
Perzentil nach korrekt beantworteten Fragen
Ihre Resultats-Entwicklung
Sie haben dieses Quiz noch nicht gespielt